00909nam a22001577a 4500008004100000020001500041050003400056245035900090260004300449300002400492440003500516800003200551942001200583999001600595952014000611140822b xxu||||| |||| 00| 0 eng d a040609151X aKD277.7.L39(1885-1886 vol.16) aThe Law Reports (1885-1886 vol.16) Queen's Bench Division :Under the superintendence and control of the incorporated council of law reporting for England and wales. Supreme court of judicature cases determined in the queen's bench division and on appeal therefrom in the court of appeal, and decisions on crown cases reserved. /cEdited by: J. R. Bulwer. aLondon:bButterworth & Co. Ltd,c1886. axvii, 795p.:c24cm. pQueen's Bench Divisionvvol 16 aBulwer, J. R,aStone, A. P. 2lcccBK c3703d11203 00102lcc4070aWIUC-1bWIUC-1cLLd2014-08-22l0oKD277.7.L39 (1885-1886 vol.16)p1852/839/14r2014-08-22 00:00:00t1w2014-08-22yBK